| 000 | 00363nam a2200145Ia 4500 | ||
|---|---|---|---|
| 008 | 191201s2004 xx 000 0 und d | ||
| 082 |
_a620.119 _bSHM |
||
| 100 | _aSHARMA, S C | ||
| 245 | 0 | _aMaterials Management And Materials Handling | |
| 250 | _a3rd | ||
| 260 |
_aN.Delhi _bKhanna Publisher _c2004 |
||
| 300 | _a1008 | ||
| 650 | _aB.Tech(ME) | ||
| 942 |
_2ddc _cBK |
||
| 999 |
_c1936 _d1936 |
||